LEADER 02374nam 2200397Ia 450 001 996383797403316 005 20221108082708.0 035 $a(CKB)1000000000581686 035 $a(EEBO)2240912915 035 $a(OCoLC)9920397500971 035 $a(EXLCZ)991000000000581686 100 $a19910604d1610 uy | 101 0 $aeng 135 $aurbn||||a|bb| 200 10$aMarkhams maister-peece, or, What doth a horse-man lacke$b[electronic resource] $econtaining all possible knowledge whatsoeuer which doth belong to any smith, farrier or horse-leech, touching the curing of all maner of diseases or sorrances in horses : drawne with great paine and most approued experience from the publique practise of all the forraine horse-marshals of Christendome and from the priuate practise of all the best farriers of this kingdome : being deuided into two bookes, the first containing all cures physicall, the second whatsoeuer belongeth to chirurgerie, with an addition of 130 most principall chapters and 340 most excellent medicines, receits and secrets worthy euery mans knowledge, neuer written of nor mentioned in any author before whatsoeuer : together with the true nature, vse, and qualitie of euerie simple spoken of through the whole worke : reade me, practise me, and admire me /$fwritten by Geruase Markham gentleman 210 $aLondon $cPrinted by Nicholas Okes, and are to be sold by Arthur Iohnson, dwelling at the signe of the White Horse neere to the great North doore of S. Pauls Church$d1610 215 $a[4], 500 [i.e. 510+] p. $cill 300 $a"The second booke containing all cures chyrurgicall" has special t.p. 300 $aNumerous errors in paging. 300 $aImperfect: signatures Lâ‚‚-L₃, 2Oâ‚‚-2O₃ and all after 3T₃ lacking. 300 $aReproduction of original in the British Library. 330 $aeebo-0018 606 $aHorses$xDiseases 606 $aVeterinary medicine$vEarly works to 1800 606 $aHorsemanship$vEarly works to 1800 615 0$aHorses$xDiseases. 615 0$aVeterinary medicine 615 0$aHorsemanship 700 $aMarkham$b Gervase$f1568?-1637.$0877321 801 0$bEBK 801 1$bEBK 801 2$bWaOLN 906 $aBOOK 912 $a996383797403316 996 $aMarkhams maister-peece, or, What doth a horse-man lacke$92409163 997 $aUNISA LEADER 01605nam0 22003251i 450 001 UON00279598 005 20231205103831.400 010 $a88-7543-111-6 100 $a20060706d2006 |0itac50 ba 101 $ajpn$aJPN 102 $aIT 105 $a|||| 1|||| 200 1 $aˆThe ‰Third Conference on Japanese language and Japanese language teaching$eProceedings of the conference, Rome, 17-19th March, 2005$f[Associazione Italiana Didattica Lingua Giapponese (AIDLG)]$gA cura di Aldo Tollini 210 $aVenezia$cLibreria Editrice Cafoscarina$d2006 215 $a442 p.$d24 cm 423 1$1001UON00377142$12001 $aProceedings of the conference, Rome, 17-19th March, 2005 500 1$3UON00377143$aConference on Japanese language and Japanese language teaching <3. 2005. Roma>$957454 606 $aDidattica$xLingua giapponese$3UONC033871$2FI 620 $aIT$dVenezia$3UONL000039 686 $aGIA GEN E II$cGIAPPONE - CONGRESSI - LINGUISTICA$2A 702 1$aTOLLINI$bAldo$3UONV002711 712 02$aAssociazione Italiana Didattica Lingua Giapponese$3UONV161921 712 $aCafoscarina$3UONV246423$4650 791 02$aAIDLG$zAssociazione Italiana Didattica Lingua Giapponese$3UONV161922 801 $aIT$bSOL$c20250919$gRICA 899 $aSIBA - SISTEMA BIBLIOTECARIO DI ATENEO$2UONSI 912 $aUON00279598 950 $aSIBA - SISTEMA BIBLIOTECARIO DI ATENEO$dSI GIA GEN E II 006 $eSI SA 117247 7 006 996 $aConference on Japanese language and Japanese language teaching$957454 997 $aUNIOR